Quiz sur Rome. - Statistiques

Statistiques générales
  • Ce quiz a été pris 1 911 fois
  • Le résultat moyen est 5 sur 12
Statistiques - réponses
Questions Réponses % Correct
Quel état est enclavée dans la ville? Cité du Vatican
90%
Quel est le monument le plus visité de Rome? Colisée
87%
Quel fleuve traverse Rome? Tibre
61%
Combien d'habitant vivent à l'intérieur de Rome? (arrondir au million près) 3 millions
47%
Nommez une des 7 collines de Rome. Aventin | Caelius | Capitole | Esquilin | Palatin | Quirinal | Viminal
46%
De quelle région Rome est-elle la capitale? Latium
35%
En quelle année Rome aurait-elle été fondée? 753 av. J.-C.
25%
En quelle année Rome a-t-elle reçue les Jeux Olympique? 1960
23%
Fiumicino
22%
Quels sont les deux aéroports de Rome? Ciampino
8%
Comment se nomme la cathédrale de Rome Saint-Jean-de-Latran
7%
Quelle rue célèbre est sans doute la plus ancienne rue de Rome? Voie Sacrée
4%
Aucun quiz correspondant
Distribution des résultats
% des personnes avec chaque résultat
Percentile par nombre de réponses
Votre historique - résultats
Vous n’avez pas pris ce quiz